<?xml version="1.0" encoding="UTF-8"?>
<record
    xmlns:xsi="http://www.w3.org/2001/XMLSchema-instance"
    xsi:schemaLocation="http://www.loc.gov/MARC21/slim http://www.loc.gov/standards/marcxml/schema/MARC21slim.xsd"
    xmlns="http://www.loc.gov/MARC21/slim">

  <leader>00231nam a2200097Ia 4500</leader>
  <controlfield tag="008">230915s9999    xx            000 0 und d</controlfield>
  <datafield tag="050" ind1=" " ind2=" ">
    <subfield code="a">PL 8704 .K5235 M314 2001</subfield>
  </datafield>
  <datafield tag="100" ind1=" " ind2=" ">
    <subfield code="a">MBERIA,KITHAKA</subfield>
  </datafield>
  <datafield tag="245" ind1=" " ind2="0">
    <subfield code="a">KIFO KISIMANI</subfield>
  </datafield>
  <datafield tag="942" ind1=" " ind2=" ">
    <subfield code="c">BK</subfield>
  </datafield>
  <datafield tag="999" ind1=" " ind2=" ">
    <subfield code="c">176304</subfield>
    <subfield code="d">176304</subfield>
  </datafield>
  <datafield tag="952" ind1=" " ind2=" ">
    <subfield code="0">0</subfield>
    <subfield code="1">0</subfield>
    <subfield code="2">lcc</subfield>
    <subfield code="4">0</subfield>
    <subfield code="7">0</subfield>
    <subfield code="8">SC</subfield>
    <subfield code="a">KSUL</subfield>
    <subfield code="b">KSUL</subfield>
    <subfield code="c">DISPLAY</subfield>
    <subfield code="d">2023-09-15</subfield>
    <subfield code="i">00039592</subfield>
    <subfield code="l">0</subfield>
    <subfield code="o">PL 8704 .K 5235 M 364 2001 </subfield>
    <subfield code="p">015467</subfield>
    <subfield code="r">2023-09-15 12:17:00</subfield>
    <subfield code="t">5</subfield>
    <subfield code="w">2023-09-15</subfield>
    <subfield code="y">BK</subfield>
  </datafield>
  <datafield tag="952" ind1=" " ind2=" ">
    <subfield code="0">0</subfield>
    <subfield code="1">0</subfield>
    <subfield code="2">lcc</subfield>
    <subfield code="4">0</subfield>
    <subfield code="7">0</subfield>
    <subfield code="8">ARTS</subfield>
    <subfield code="a">KSUL</subfield>
    <subfield code="b">KSUL</subfield>
    <subfield code="c">FIC</subfield>
    <subfield code="d">2025-11-26</subfield>
    <subfield code="i">110178</subfield>
    <subfield code="l">4</subfield>
    <subfield code="o">PL 8704 .K5235 M 364 2001</subfield>
    <subfield code="p">000000018807</subfield>
    <subfield code="r">2026-04-09 13:22:03</subfield>
    <subfield code="s">2026-03-25</subfield>
    <subfield code="t">C.6</subfield>
    <subfield code="w">2025-11-26</subfield>
    <subfield code="y">BK</subfield>
  </datafield>
  <datafield tag="952" ind1=" " ind2=" ">
    <subfield code="0">0</subfield>
    <subfield code="1">0</subfield>
    <subfield code="2">lcc</subfield>
    <subfield code="4">0</subfield>
    <subfield code="7">0</subfield>
    <subfield code="8">ARTS</subfield>
    <subfield code="a">KSUL</subfield>
    <subfield code="b">KSUL</subfield>
    <subfield code="c">FIC</subfield>
    <subfield code="d">2025-11-26</subfield>
    <subfield code="i">110179</subfield>
    <subfield code="l">4</subfield>
    <subfield code="o">PL 8704 .K5235 M 364 2001</subfield>
    <subfield code="p">000000018808</subfield>
    <subfield code="r">2026-03-18 14:44:08</subfield>
    <subfield code="s">2026-03-04</subfield>
    <subfield code="t">C.7</subfield>
    <subfield code="w">2025-11-26</subfield>
    <subfield code="y">BK</subfield>
  </datafield>
  <datafield tag="952" ind1=" " ind2=" ">
    <subfield code="0">0</subfield>
    <subfield code="1">0</subfield>
    <subfield code="2">lcc</subfield>
    <subfield code="4">0</subfield>
    <subfield code="7">0</subfield>
    <subfield code="8">ARTS</subfield>
    <subfield code="a">KSUL</subfield>
    <subfield code="b">KSUL</subfield>
    <subfield code="c">FIC</subfield>
    <subfield code="d">2025-11-26</subfield>
    <subfield code="i">110180</subfield>
    <subfield code="l">3</subfield>
    <subfield code="o">PL 8704 .K5235 M 364 2001</subfield>
    <subfield code="p">000000018809</subfield>
    <subfield code="r">2026-03-21 14:32:09</subfield>
    <subfield code="s">2026-03-09</subfield>
    <subfield code="t">C.8</subfield>
    <subfield code="w">2025-11-26</subfield>
    <subfield code="y">BK</subfield>
  </datafield>
</record>
